Compressed air plant the production, transmission and use of compressed air, with special reference to mine service / by Robert Peele mining engineer and profesor of mining in the School of Mines, Columbia University

Detalles Bibliográficos
Autor principal: Peele, Robert, 1858-1942
Formato: Libro
Lenguaje:English
Publicado: New York : John Wiley & sons ; London : Chapman & Hall, limited, 1910.
Edición:Second edition revised and enlarged
Materias:
Colección:Banco de datos
Acervo:Universidad Autónoma Benito Juárez de Oaxaca. Biblioteca Francisco de Burgoa. Colección histórica
Descripción Física:XVI, 502, 19 p. : il. ; 23 cm.
Tema general:Ingeniería
Notas:Portada tipográfica. Texto a renglón seguido con paginación en números arábigos y romanos, notas a pie de página, cornisas y signaturas. Incluye ilustraciones. Propiedad intelectual: Press of the publishers printing company, New York, U. S. A. Encuadernación en tela sobre cartón. Daños en la encuadernación, tapa superior desprendida
LEADER 01445nam a22002050004500
035 |a 3466 
041 0 |a eng 
100 1 |a Peele, Robert, 1858-1942 
245 1 0 |a Compressed air plant the production, transmission and use of compressed air, with special reference to mine service / by Robert Peele mining engineer and profesor of mining in the School of Mines, Columbia University 
250 |a Second edition revised and enlarged 
260 |a New York : John Wiley & sons ; London : Chapman & Hall, limited, 1910. 
300 |a XVI, 502, 19 p. : il. ; 23 cm.  
500 |a Portada tipográfica. Texto a renglón seguido con paginación en números arábigos y romanos, notas a pie de página, cornisas y signaturas. Incluye ilustraciones. Propiedad intelectual: Press of the publishers printing company, New York, U. S. A. Encuadernación en tela sobre cartón. Daños en la encuadernación, tapa superior desprendida 
504 |a Al principio de la obra están el índice de contenido y la lista de ilustraciones  
504 |a Al final de la obra están el índice alfabético y el catálogo de publicaciones en venta de la casa impresora 
650 1 0 |a Ingeniería 
852 |a Universidad Autónoma "Benito Juárez" de Oaxaca, Biblioteca Francisco de Burgoa, Colección histórica 19611 
942 |c BURHIS 
943 |g Universidad Autónoma Benito Juárez de Oaxaca. Biblioteca Francisco de Burgoa. Colección histórica 
999 |c 1122309  |d 1122309